000 01019nam a22003137a 4500
001 BR7702599
003 BR-BrBNA
005 20230928085255.0
007 ta
008 230509b bl.||||| |||| 00| 0 por d
040 _aBR-BrBNA
_bpor
_cBiblioteca Nacional de Agricultura
041 _a(Por)
072 _aL50; L30
_b5212
090 _ 5212 BR7702599
100 1 _aMello, M.A. de
110 1 _aUniversidade Federal de Minas Gerais, Belo Horizonte (Brasil). Escola de Veterinaria
_0Tese (Mestre em Medicina Veterinaria)
245 1 _aAlteracoes hematologicas em bezerros alimentados experimentalmente com samambaia (Pteridium aquilinum (L.)Kuhn)seca
260 3 _aBelo Horizonte, MG (Brasil):
_c1977.
300 _a83 p.
500 _a13 graphs; 18 tables; 37 ref.; Summaries (Eng, Por)
650 _aBioquimica animal
650 _aNutricao animal
650 _aBezerro
650 _aHematologia
650 _aSangue
650 _aSamambaia
909 _a202309
_bLucia
_c55
_dLucia Elande
942 _cBK
999 _c23611
_d23611